Official correspondence on the subject of spasmodic cholera in Ireland. (Record no. 183803)
[ view plain ]
| 000 -LEADER | |
|---|---|
| campo de control de longitud fija | 00444nam a2200145 i 4500 |
| 001 - NÚMERO DE CONTROL | |
| campo de control | 183803 |
| 003 - IDENTIFICADOR DE NÚMERO DE CONTROL | |
| campo de control | ES-MaACL |
| 005 - FECHA Y HORA DE LA ÚLTIMA TRANSACCIÓN | |
| campo de control | 20230906221956.0 |
| 008 - DATOS DE LONGITUD FIJA--INFORMACIÓN GENERAL | |
| campo de control de longitud fija | 141017s1832 xxk |||| | eng d |
| 245 00 - MENCIÓN DEL TÍTULO | |
| Título | Official correspondence on the subject of spasmodic cholera in Ireland. |
| 260 ## - PUBLICACIÓN, DISTRIBUCIÓN, ETC. | |
| Lugar de publicación, distribución, etc. | Dublin : |
| Nombre del editor, distribuidor, etc. | Pettigrew & Oulton, |
| Fecha de publicación, distribución, etc. | 1832. |
| 300 ## - DESCRIPCIÓN FÍSICA | |
| Extensión | 12, 74 p. ; |
| Dimensiones | 22 cm. |
| 650 #4 - PUNTO DE ACCESO ADICIONAL DE MATERIA--TÉRMINO DE MATERIA | |
| Término de materia o nombre geográfico como elemento de entrada | Cólera- |
| Subdivisión geográfica | Gran Bretaña. |
| 9 (RLIN) | 155160 |
| 852 ## - LOCALIZACIÓN | |
| Ubicación | ES-MaACL |
| Número de control de estantería | T-493-F-1 |
| Estatus retirado | Estado de pérdida | Estado de daño | No para préstamo | Colección | Biblioteca de origen | Biblioteca actual | Ubicación en estantería | Fecha de adquisición | Fuente de adquisición | Total de préstamos | Signatura topográfica completa | Código de barras | Visto por última vez | Precio de reemplazo | Tipo de ítem Koha |
|---|---|---|---|---|---|---|---|---|---|---|---|---|---|---|---|
| Colección de folletos | Biblioteca del Ateneo de Madrid | Biblioteca del Ateneo de Madrid | Depósito folletos | 17/10/2014 | T-493-F-1 | 1193250 | 23/02/2023 | 23/02/2023 | Folleto |
